000 00721nam a22002417a 4500
003 UA-OsUOA
001 50275
007 ta
008 20071112b un ||||| |||| 00| 0 ukr d
100 _aОстроушко Л.
090 _a82-95
_bО-79
942 _cBK
040 _aUA-OsUOA
_bukr
_cUA-OsUOA
_dUA-OsUOA
245 _aКоридори влади зблизька і на відстані
_bПро політичну тетралогію Віктора Гамана
300 _a119 с.
955 _a2
041 _aukr
080 _a82-95
020 _a966-581-437-0
260 _aК.
_bЛогос
_c2004
650 7 _a82 Література. Літературознавство
_2UDC
999 _c336369
_d336369